[Event "CYCC U14"]
[Site "Victoria CAN"]
[Date "2005.03.24"]
[Round "1.11"]
[White "Rozybakiyev, Rasul"]
[Black "Greene, Spencer"]
[Result "1-0"]
[WhiteElo "1636"]
[BlackElo "964"]
[PlyCount "57"]
[GameId "2160767910969229"]
[EventDate "2005.03.24"]
[EventType "swiss"]
[EventRounds "7"]
[EventCountry "CAN"]

1. e4 Nh6 2. d4 d6 3. Bc4 e5 4. dxe5 dxe5 5. Qxd8+ Kxd8 6. Bxh6 gxh6 7. Bxf7 Be7 8. Nf3 Rf8 9. Bb3 a5 10. Nc3 b6 11. Rd1+ Ke8 12. Nxe5 Ba6 13. Ba4+ c6 14. Nxc6 Nd7 15. Nxe7 Kxe7 16. Rxd7+ Ke8 17. Ra7+ Bb5 18. Bxb5+ Kd8 19. Rxa8+ Kc7 20. Rxf8 h5 21. Nd5+ Kd6 22. O-O Ke5 23. f3 h4 24. Rf5+ Ke6 25. Nf4+ Kd6 26. Rd1+ Ke7 27. Rd7+ Ke8 28. Nd5 a4 29. Nc7# 1-0

[Event "CYCC U14"]
[Site "Victoria CAN"]
[Date "2005.03.24"]
[Round "1.12"]
[White "Durbalau, Ovidiu"]
[Black "Raymer, Evan"]
[Result "0-1"]
[WhiteElo "925"]
[BlackElo "1617"]
[PlyCount "116"]
[GameId "2160767910969230"]
[EventDate "2005.03.24"]
[EventType "swiss"]
[EventRounds "7"]
[EventCountry "CAN"]

1. e4 c5 2. Nf3 d6 3. Nc3 Nf6 4. Bc4 e6 5. d3 Be7 6. Bg5 Nbd7 7. Bb5 a6 8. Bxd7+ Bxd7 9. Bxf6 Bxf6 10. Qe2 Qa5 11. e5 dxe5 12. Nxe5 O-O 13. O-O Qc7 14. f4 b5 15. Nxd7 Qxd7 16. Kh1 Rfe8 17. Qg4 b4 18. Nd1 a5 19. Rf3 Qa4 20. c3 Qc2 21. cxb4 axb4 22. Rf2 Qxd3 23. Qe2 Red8 24. Qxd3 Rxd3 25. g3 Rad8 26. Rf1 Rd2 27. Rb1 Re2 28. Rc1 Rdd2 29. Nf2 Rxf2 30. Rxf2 Rxf2 31. Rxc5 h6 32. a3 Rf1+ 33. Kg2 Rf2+ 34. Kxf2 Bd4+ 35. Ke2 Bxc5 36. axb4 Bxb4 37. Kd3 Kf8 38. Kc4 Bd6 39. b4 Ke7 40. Kb5 Kf6 41. Ka6 Kf5 42. b5 Kg4 43. b6 Kh3 44. Kb5 e5 45. Kc6 Bb8 46. Kb7 exf4 47. Kxb8 f3 48. b7 f2 49. Kc8 f1=Q 50. b8=Q Qf5+ 51. Kd8 Qf6+ 52. Ke8 Kxh2 53. g4+ Kh3 54. Qc8 Qe6+ 55. Qxe6 fxe6 56. Kf7 Kxg4 57. Kxe6 h5 58. Kf7 g5 0-1

[Event "CYCC U14"]
[Site "Victoria CAN"]
[Date "2005.03.24"]
[Round "1.13"]
[White "Gaciu, Vlad"]
[Black "Leclair, Jaret"]
[Result "1-0"]
[WhiteElo "1611"]
[BlackElo "912"]
[PlyCount "43"]
[GameId "2160767910969231"]
[EventDate "2005.03.24"]
[EventType "swiss"]
[EventRounds "7"]
[EventCountry "CAN"]

1. d4 d5 2. Nf3 Nc6 3. e3 e6 4. c3 a6 5. Bd3 f5 6. Nbd2 Nf6 7. O-O Bd6 8. a3 e5 9. dxe5 Bxe5 10. c4 f4 11. exf4 Bxf4 12. Re1+ Kf7 13. cxd5 Bxd2 14. Bxd2 Nxd5 15. Bc4 b5 16. Ng5+ Kf8 17. Qf3+ Qf6 18. Qxd5 bxc4 19. Bb4+ Nxb4 20. Qxa8 Nc2 21. Qxc8+ Qd8 22. Qxd8# 1-0

[Event "CYCC U14"]
[Site "Victoria CAN"]
[Date "2005.03.24"]
[Round "1.14"]
[White "Corbett, Aaron"]
[Black "Kelman, Sean"]
[Result "0-1"]
[WhiteElo "906"]
[BlackElo "1571"]
[PlyCount "29"]
[GameId "2160767910969232"]
[EventDate "2005.03.24"]
[EventType "swiss"]
[EventRounds "7"]
[EventCountry "CAN"]

1. e3 d5 2. Nf3 Nf6 3. Qe2 Nc6 4. Nc3 e5 5. Ng5 h6 6. Nh3 Bxh3 7. gxh3 Be7 8. a4 d4 9. exd4 Nxd4 10. Qd3 e4 11. Qc4 Nxc2+ 12. Kd1 Nxa1 13. Qb5+ Qd7 14. Bc4 Qxb5 15. Bxb5+ 0-1

[Event "CYCC U14"]
[Site "Victoria CAN"]
[Date "2005.03.24"]
[Round "1.15"]
[White "Trandafir, Stefan"]
[Black "King, George"]
[Result "1-0"]
[WhiteElo "1525"]
[BlackElo "811"]
[PlyCount "44"]
[GameId "2160767910969233"]
[EventDate "2005.03.24"]
[EventType "swiss"]
[EventRounds "7"]
[EventCountry "CAN"]

1. e4 Nc6 2. d4 d6 3. Bb5 Bd7 4. Nc3 a6 5. Ba4 e6 6. Nf3 Be7 7. O-O Nf6 8. Re1 e5 9. Bxc6 Bxc6 10. dxe5 dxe5 11. Nxe5 Bd6 12. Nf3 Be7 13. e5 Ng8 14. Nd4 Bd6 15. Nf3 Bb4 16. Qe2 Bxf3 17. Qxf3 f6 18. Qc6+ Kf8 19. Nd5 fxe5 20. Nxc7 Rc8 21. Ne6+ Kf7 22. Nxd8+ Rxd8 1-0

[Event "CYCC U14"]
[Site "Victoria CAN"]
[Date "2005.03.24"]
[Round "2.1"]
[White "Brown, Gabriel"]
[Black "Kaminski, Victor"]
[Result "0-1"]
[WhiteElo "1789"]
[BlackElo "2198"]
[PlyCount "60"]
[GameId "2160767910969234"]
[EventDate "2005.03.24"]
[EventType "swiss"]
[EventRounds "7"]
[EventCountry "CAN"]

1. c4 Nf6 2. g3 g6 3. Bg2 Bg7 4. Nc3 O-O 5. e4 d6 6. Nge2 c5 7. O-O Nc6 8. a3 Bd7 9. h3 Qc8 10. Kh2 Ne8 11. d3 Nc7 12. Rb1 a5 13. f4 Rb8 14. Nd5 Nxd5 15. exd5 Nd4 16. Be3 b5 17. b3 Qa6 18. Nxd4 cxd4 19. Bf2 a4 20. bxa4 bxc4 21. dxc4 Qxc4 22. Rc1 Qxa4 23. Rc7 Rfc8 24. Qxa4 Bxa4 25. Rxe7 d3 26. Be3 Rb2 27. Kg1 d2 28. Bf3 Rc3 29. Bd1 Kf8 30. Re4 Bxd1 0-1

[Event "CYCC U14"]
[Site "Victoria CAN"]
[Date "2005.03.24"]
[Round "2.2"]
[White "Chung, Kevin"]
[Black "Me, Kevin"]
[Result "1-0"]
[WhiteElo "2048"]
[BlackElo "1762"]
[PlyCount "173"]
[GameId "2160767910969235"]
[EventDate "2005.03.24"]
[EventType "swiss"]
[EventRounds "7"]
[EventCountry "CAN"]

1. e4 c5 2. Nf3 d6 3. d4 cxd4 4. Nxd4 Nf6 5. Nc3 a6 6. Be2 e5 7. Nb3 Be6 8. O-O Nbd7 9. f4 Be7 10. f5 Bxb3 11. cxb3 b5 12. b4 Qb6+ 13. Kh1 h6 14. a3 Rc8 15. Qd3 O-O 16. Qg3 Kh7 17. Be3 Qb7 18. Bf3 Nb6 19. Bxb6 Qxb6 20. Rad1 Rfd8 21. Qh3 Qe3 22. Rfe1 Qg5 23. g3 h5 24. Qg2 Rc7 25. Qd2 Qxd2 26. Rxd2 g6 27. fxg6+ fxg6 28. Kg2 Kg7 29. Bd1 Rf8 30. Bb3 Rd8 31. h3 g5 32. Re3 Rf8 33. Rf2 Kg6 34. Kf1 Bd8 35. Rd3 Be7 36. Ke2 Rc6 37. Rf1 Rc7 38. Be6 Ra7 39. Ra1 Rb8 40. Kd2 Rab7 41. Kc2 Rb6 42. Kb3 R6b7 43. Rd2 Rb6 44. Bd5 Nd7 45. Rc2 Rf8 46. Be6 Nf6 47. Rac1 Rb7 48. Bf5+ Kh6 49. Nd1 Rfb8 50. Ne3 Bf8 51. Rc6 Ra7 52. Rc8 Rxc8 53. Rxc8 Kg7 54. Kc3 Be7 55. b3 Bf8 56. Kd3 Be7 57. Be6 Nh7 58. Rg8+ Kf6 59. Bf5 Nf8 60. Nd5+ Kf7 61. Nxe7 Rxe7 62. Rxg5 h4 63. gxh4 Ne6 64. Bxe6+ Rxe6 65. Rf5+ Ke7 66. h5 Rh6 67. Ke3 Ke6 68. Rg5 Kf6 69. Rg6+ Rxg6 70. hxg6 Kxg6 71. Kf3 Kh5 72. Kg3 Kg5 73. h4+ Kh5 74. Kh3 Kh6 75. Kg4 Kg6 76. h5+ Kf6 77. h6 Kg6 78. h7 Kxh7 79. Kf5 Kh6 80. Ke6 Kg5 81. Kxd6 Kf4 82. Kd5 Ke3 83. a4 Kd3 84. axb5 axb5 85. Kxe5 Kc3 86. Kd5 Kxb3 87. Kc5 1-0

[Event "CYCC U14"]
[Site "Victoria CAN"]
[Date "2005.03.24"]
[Round "2.3"]
[White "Wang, Shane"]
[Black "Davies, Noam"]
[Result "0-1"]
[WhiteElo "1748"]
[BlackElo "1966"]
[PlyCount "36"]
[GameId "2160767910969236"]
[EventDate "2005.03.24"]
[EventType "swiss"]
[EventRounds "7"]
[EventCountry "CAN"]

1. e4 c5 2. Nf3 e6 3. d4 cxd4 4. Nxd4 a6 5. Nc3 Qc7 6. Be3 Nf6 7. a3 b5 8. Bd3 Bb7 9. O-O Nc6 10. Nde2 Be7 11. f4 Ng4 12. Qd2 O-O 13. e5 Ncxe5 14. fxe5 Qxe5 15. Bf4 Qc5+ 16. Kh1 Nf2+ 17. Rxf2 Qxf2 18. Ng3 Bxg2# 0-1

[Event "CYCC U14"]
[Site "Victoria CAN"]
[Date "2005.03.24"]
[Round "2.4"]
[White "Hambleton, Aman"]
[Black "Rozybakiyev, Rasul"]
[Result "1-0"]
[WhiteElo "1963"]
[BlackElo "1636"]
[PlyCount "95"]
[GameId "2160767910969237"]
[EventDate "2005.03.24"]
[EventType "swiss"]
[EventRounds "7"]
[EventCountry "CAN"]

1. d4 d5 2. Nf3 Nf6 3. c4 e6 4. Bg5 Be7 5. Nc3 O-O 6. e3 b6 7. cxd5 Nxd5 8. Bxe7 Nxe7 9. Bd3 Bb7 10. O-O Nd7 11. Rc1 c5 12. Qe2 cxd4 13. Nxd4 Nf6 14. Rfd1 Ned5 15. Bb5 Rc8 16. Nxd5 Qxd5 17. Bc6 Bxc6 18. Nxc6 Rxc6 19. Rxd5 Rxc1+ 20. Rd1 Rfc8 21. h3 Kf8 22. Kh2 Rxd1 23. Qxd1 Ke7 24. Qd3 Rc7 25. e4 Rd7 26. Qa3+ Ke8 27. Qc3 Ke7 28. Qe3 h6 29. g4 g5 30. f4 gxf4 31. Qxf4 Rd4 32. Qc7+ Rd7 33. Qe5 Rd2+ 34. Kg3 Rd3+ 35. Kh4 Nh7 36. Qc7+ Rd7 37. Qf4 Ng5 38. e5 Rd3 39. Qf6+ Ke8 40. Qxh6 Nf3+ 41. Kh5 Rd5 42. Qh8+ Kd7 43. Qf6 Nxe5 44. Kh6 Kd6 45. Kg7 Rd3 46. h4 Rf3 47. Qd8+ Nd7 48. h5 1-0

[Event "CYCC U14"]
[Site "Victoria CAN"]
[Date "2005.03.24"]
[Round "2.5"]
[White "Raymer, Evan"]
[Black "McDonald, Justin"]
[Result "1/2-1/2"]
[WhiteElo "1617"]
[BlackElo "1924"]
[PlyCount "141"]
[GameId "2160767910969238"]
[EventDate "2005.03.24"]
[EventType "swiss"]
[EventRounds "7"]
[EventCountry "CAN"]

1. e4 e5 2. Nf3 Nc6 3. Bc4 Bc5 4. Nc3 Nf6 5. d3 d6 6. Na4 Bb6 7. Nxb6 axb6 8. a3 Be6 9. Bxe6 fxe6 10. O-O O-O 11. Bg5 Qd7 12. Qe2 Rae8 13. Rfd1 h6 14. Bxf6 gxf6 15. d4 Nxd4 16. Nxd4 exd4 17. Qh5 Kh7 18. Rxd4 Rg8 19. Rd3 Rg5 20. Qh4 Reg8 21. g3 Qf7 22. Qh3 Re5 23. Re1 f5 24. Rf3 Qg6 25. Rc3 Rg7 26. Qh4 fxe4 27. Rce3 d5 28. f3 Rh5 29. Qd8 Rxh2 30. fxe4 Rh3 31. Kf2 Rxg3 32. Rxg3 Qxg3+ 33. Ke2 dxe4 34. Rf1 Qd6 35. Qh4 Rg2+ 36. Rf2 Rxf2+ 37. Qxf2 Qe7 38. Qf4 c5 39. Qxe4+ Kg7 40. Qe5+ Kg6 41. Qe4+ Kh5 42. Qe5+ Qg5 43. Qh2+ Kg6 44. Qd6 Qg2+ 45. Ke3 Qg1+ 46. Ke2 Qg2+ 47. Ke3 Qg1+ 48. Ke2 Qg4+ 49. Kf1 Qc4+ 50. Ke1 b5 51. Qg3+ Kf5 52. Qh3+ Qg4 53. Qxh6 Qg1+ 54. Ke2 Qg4+ 55. Ke1 Qe4+ 56. Kd1 Qd4+ 57. Ke1 Qe4+ 58. Kd1 Qg4+ 59. Ke1 Ke5 60. Qh8+ Ke4 61. Qh7+ Kf3 62. Qxb7+ Qe4+ 63. Qxe4+ Kxe4 64. b3 Kd4 65. Kd2 c4 66. a4 cxb3 67. cxb3 bxa4 68. bxa4 Kc4 69. Ke3 Kb4 70. Ke4 Kxa4 71. Ke5 1/2-1/2

[Event "CYCC U14"]
[Site "Victoria CAN"]
[Date "2005.03.24"]
[Round "2.6"]
[White "Ang, Alan"]
[Black "Gaciu, Vlad"]
[Result "1/2-1/2"]
[WhiteElo "1878"]
[BlackElo "1611"]
[PlyCount "91"]
[GameId "2160767910969239"]
[EventDate "2005.03.24"]
[EventType "swiss"]
[EventRounds "7"]
[EventCountry "CAN"]

1. e4 d6 2. d4 Nf6 3. Nc3 g6 4. Nf3 Bg7 5. Be3 O-O 6. h3 c6 7. Qd2 Re8 8. O-O-O b5 9. Bd3 a5 10. Rhe1 b4 11. Ne2 Ba6 12. g4 Bxd3 13. Qxd3 Na6 14. Nf4 Qc7 15. e5 Nd5 16. e6 fxe6 17. Nxe6 Qd7 18. Nfg5 Reb8 19. h4 Nac7 20. Nxg7 Kxg7 21. f3 a4 22. h5 a3 23. Rh1 axb2+ 24. Kxb2 Ra3 25. Qc4 Rxe3 26. hxg6 h6 27. Nf7 Rc3 28. Qe2 Kxg6 29. Nxh6 Qe6 30. Qh2 Rh8 31. Qh5+ Kf6 32. g5+ Kg7 33. Nf5+ Qxf5 34. Qxh8+ Kf7 35. Rh7+ Ke6 36. Re1+ Kd7 37. Rc1 Ne3 38. Rh2 Nc4+ 39. Kb1 Na3+ 40. Kb2 Nc4+ 41. Kb1 Qa5 42. Qh3+ Kd8 43. Qh8+ Kd7 44. Qh3+ Kd8 45. Qh8+ Kd7 46. Qh3+ 1/2-1/2

[Event "CYCC U14"]
[Site "Victoria CAN"]
[Date "2005.03.24"]
[Round "2.8"]
[White "Yu, Jeffrey Hong Cheung"]
[Black "Trandafir, Stefan"]
[Result "0-1"]
[WhiteElo "1487"]
[BlackElo "1525"]
[PlyCount "98"]
[GameId "2160767910969241"]
[EventDate "2005.03.24"]
[EventType "swiss"]
[EventRounds "7"]
[EventCountry "CAN"]

1. e4 c5 2. Nf3 Nc6 3. c3 d5 4. exd5 Qxd5 5. Bb5 Bg4 6. d3 Nf6 7. Be3 e6 8. Nbd2 Be7 9. Qb3 O-O 10. Qxd5 exd5 11. h3 Bf5 12. g4 Bg6 13. Bxc6 bxc6 14. Ne5 Rac8 15. Nxg6 fxg6 16. O-O-O Rb8 17. Rde1 Rb7 18. Bf4 Nxg4 19. hxg4 Rxf4 20. f3 Bg5 21. Rhf1 Ra4 22. f4 Rxf4 23. Rxf4 Bxf4 24. Re2 Kf7 25. Rf2 g5 26. Kc2 Ke6 27. Nb3 Kd6 28. Rf1 Re7 29. Rf2 Re3 30. Rg2 Rg3 31. Rxg3 Bxg3 32. Kd2 g6 33. Ke3 Be5 34. Kf3 a6 35. Na5 Kc7 36. Nb3 Kb6 37. Nc1 a5 38. Nb3 Bf4 39. Ke2 a4 40. Nd2 Bxd2 41. Kxd2 h5 42. Ke2 Kc7 43. Kf3 Kd6 44. b3 a3 45. Kg3 Ke5 46. Kf3 h4 47. b4 cxb4 48. d4+ Kd6 49. cxb4 Kc7 0-1

[Event "CYCC U14"]
[Site "Victoria CAN"]
[Date "2005.03.24"]
[Round "2.10"]
[White "Greene, Spencer"]
[Black "Rouleau, Joel"]
[Result "0-1"]
[WhiteElo "964"]
[BlackElo "1369"]
[PlyCount "68"]
[GameId "2160767910969243"]
[EventDate "2005.03.24"]
[EventType "swiss"]
[EventRounds "7"]
[EventCountry "CAN"]

1. Nh3 e5 2. d4 exd4 3. c4 dxc3 4. bxc3 Nf6 5. Ng5 d5 6. c4 c6 7. cxd5 cxd5 8. e4 Nc6 9. exd5 Qxd5 10. Qb3 Qxb3 11. axb3 h6 12. Nf3 Bg4 13. Bf4 Bxf3 14. gxf3 Nd4 15. Be2 Nc2+ 16. Kd2 Nxa1 17. Re1 Nxb3+ 18. Kc3 Nc5 19. Nd2 Nd5+ 20. Kc4 Nxf4 21. Bf1+ Nfe6 22. Kb4 Nd3+ 23. Kc4 Nxe1 24. Ne4 a5 25. Kc3 b5 26. Bxb5+ Kd8 27. Nd6 Bxd6 28. Bc6 Rc8 29. f4 Rxc6+ 30. Kb3 Nd4+ 31. Ka4 Kd7 32. h4 Rc4+ 33. Kxa5 Kc7 34. f5 Ra8# 0-1

[Event "CYCC U14"]
[Site "Victoria CAN"]
[Date "2005.03.24"]
[Round "2.11"]
[White "Wee, Michael"]
[Black "Thomson, Stephen"]
[Result "1-0"]
[WhiteElo "1287"]
[BlackElo "1213"]
[PlyCount "59"]
[GameId "2160767910969244"]
[EventDate "2005.03.24"]
[EventType "swiss"]
[EventRounds "7"]
[EventCountry "CAN"]

1. e4 c5 2. Nc3 Nc6 3. f4 d6 4. Bc4 Nf6 5. d3 e6 6. Nf3 d5 7. Bb3 dxe4 8. dxe4 Qxd1+ 9. Kxd1 a6 10. a4 Be7 11. Ke2 O-O 12. Be3 Ng4 13. Bf2 Nxf2 14. Kxf2 Nd4 15. Nxd4 cxd4 16. Ne2 Bc5 17. Kf3 Rd8 18. Rhd1 Rd6 19. Rd3 f6 20. Rad1 Kf8 21. Nxd4 Ke7 22. e5 fxe5 23. fxe5 Rd8 24. Nf5+ exf5 25. Rxd8 b6 26. Kf4 g6 27. h3 h5 28. Rg8 Bf2 29. Rdd8 h4 30. Rge8# 1-0

[Event "CYCC U14"]
[Site "Victoria CAN"]
[Date "2005.03.24"]
[Round "2.12"]
[White "Durbalau, Ovidiu"]
[Black "Higgins, Rehan"]
[Result "1/2-1/2"]
[WhiteElo "925"]
[BlackElo "1208"]
[PlyCount "52"]
[GameId "2160767910969245"]
[EventDate "2005.03.24"]
[EventType "swiss"]
[EventRounds "7"]
[EventCountry "CAN"]

1. e4 d6 2. d4 Nf6 3. Nc3 g6 4. Nf3 Bg7 5. Bf4 O-O 6. e5 Nfd7 7. Bc4 a6 8. exd6 cxd6 9. Qd2 b5 10. Bd3 Nc6 11. Bh6 Nf6 12. Ne4 Nxe4 13. Bxe4 Bb7 14. Bxg7 Kxg7 15. Qc3 Qd7 16. d5+ Ne5 17. Nxe5 dxe5 18. Qxe5+ f6 19. Qd4 e6 20. O-O-O Rfd8 21. d6 Bxe4 22. Qxe4 Rac8 23. Rhe1 Rc6 24. Qxe6 Rxd6 25. Qe7+ Qxe7 26. Rxe7+ Kh6 1/2-1/2

[Event "CYCC U14"]
[Site "Victoria CAN"]
[Date "2005.03.24"]
[Round "2.13"]
[White "Lavigne-Theriault, Francis"]
[Black "Corbett, Aaron"]
[Result "1-0"]
[WhiteElo "1142"]
[BlackElo "906"]
[PlyCount "57"]
[GameId "2160767910969246"]
[EventDate "2005.03.24"]
[EventType "swiss"]
[EventRounds "7"]
[EventCountry "CAN"]

1. d4 d5 2. c4 Be6 3. Nc3 dxc4 4. e4 f5 5. d5 Bf7 6. exf5 Qd6 7. Nf3 Qc5 8. Qa4+ Nd7 9. Be3 Qd6 10. Bxc4 Ngf6 11. O-O O-O-O 12. Qxa7 Nb6 13. Bxb6 cxb6 14. Nb5 Qf4 15. Rac1 Ng4 16. Bb3+ Kd7 17. Qxb7+ Ke8 18. Nc7+ Kd7 19. Ba4+ Qxa4 20. Ne6+ Ke8 21. Nxd8 Qd7 22. Qxd7+ Kxd7 23. Nxf7 Rg8 24. Rc6 g6 25. N7e5+ Kd8 26. Nxg4 gxf5 27. Nge5 f4 28. Rfc1 Bg7 29. Rc8# 1-0

[Event "CYCC U14"]
[Site "Victoria CAN"]
[Date "2005.03.24"]
[Round "2.14"]
[White "Leclair, Jaret"]
[Black "Iserhoff, Scott"]
[Result "1-0"]
[WhiteElo "912"]
[BlackElo "1018"]
[PlyCount "61"]
[GameId "2160767910969247"]
[EventDate "2005.03.24"]
[EventType "swiss"]
[EventRounds "7"]
[EventCountry "CAN"]

1. e4 d6 2. Nf3 e6 3. d4 c6 4. Bd3 Qa5+ 5. c3 d5 6. O-O Qc7 7. b4 Qd6 8. g3 Be7 9. Bf4 e5 10. Bxe5 Qh6 11. Qa4 f6 12. Bxb8 Rxb8 13. b5 f5 14. exf5 Nf6 15. bxc6 Ng4 16. Qxa7 Bd6 17. cxb7 Bd7 18. Re1+ Kf8 19. Nbd2 Kf7 20. Rac1 Rhf8 21. c4 Kg8 22. cxd5 Bxf5 23. Bxf5 Rxf5 24. Rc8+ Rf8 25. Ne4 Rbxc8 26. bxc8=Q Rxc8 27. Nxd6 Rf8 28. Re8 g6 29. Qf7+ Kh8 30. Rxf8+ Qxf8 31. Qxf8# 1-0

[Event "CYCC U14"]
[Site "Victoria CAN"]
[Date "2005.03.25"]
[Round "3.2"]
[White "Trandafir, Stefan"]
[Black "Chung, Kevin"]
[Result "1/2-1/2"]
[WhiteElo "1525"]
[BlackElo "2048"]
[PlyCount "105"]
[GameId "2160767910969249"]
[EventDate "2005.03.24"]
[EventType "swiss"]
[EventRounds "7"]
[EventCountry "CAN"]

1. e4 e6 2. d4 d5 3. exd5 exd5 4. Bd3 Bd6 5. Nf3 Ne7 6. O-O O-O 7. Re1 Bg4 8. Bg5 f6 9. Bh4 Nbc6 10. c3 Nf5 11. Bg3 Nxg3 12. hxg3 Re8 13. Nbd2 Qd7 14. Qb3 Ne7 15. c4 c6 16. Rac1 Rad8 17. a3 Bb8 18. Kf1 Be6 19. Re2 dxc4 20. Bxc4 Nd5 21. Qc2 Bf5 22. Rxe8+ Rxe8 23. Bd3 Bxd3+ 24. Qxd3 Qg4 25. Re1 Rxe1+ 26. Kxe1 g6 27. Qe2 Kf7 28. Nc4 Qf5 29. Qd1 Bc7 30. Kf1 b5 31. Ncd2 Bxg3 32. Qc1 Qd3+ 33. Kg1 Nf4 34. Qxc6 Qe2 35. Ne5+ fxe5 36. fxg3 Qxd2 37. gxf4 Qxd4+ 38. Kh1 Qxf4 39. Qxb5 e4 40. Qd7+ Kg8 41. Qd5+ Kg7 42. Qd4+ Kh6 43. Kg1 Qc1+ 44. Kf2 Qc2+ 45. Kf1 Qc1+ 46. Kf2 Qf4+ 47. Ke2 Qg4+ 48. Kf2 Qf4+ 49. Ke2 a6 50. a4 Kh5 51. Qe3 Qg4+ 52. Kf2 Qf5+ 53. Ke2 1/2-1/2

[Event "CYCC U14"]
[Site "Victoria CAN"]
[Date "2005.03.25"]
[Round "3.3"]
[White "Davies, Noam"]
[Black "Kelman, Sean"]
[Result "1-0"]
[WhiteElo "1966"]
[BlackElo "1571"]
[PlyCount "49"]
[GameId "2160767910969250"]
[EventDate "2005.03.24"]
[EventType "swiss"]
[EventRounds "7"]
[EventCountry "CAN"]

1. e4 e5 2. Nf3 Nc6 3. Bb5 a6 4. Ba4 Nf6 5. O-O b5 6. Bb3 Bc5 7. Nxe5 Nxe5 8. d4 Bxd4 9. Qxd4 Nc6 10. Qd1 O-O 11. Re1 Re8 12. Bg5 g6 13. Bh4 g5 14. Bg3 Nxe4 15. Bxf7+ Kxf7 16. Qd5+ Kf8 17. Rxe4 Rxe4 18. Qxe4 Qf6 19. Nc3 Ra7 20. Rb1 Qe7 21. Qf5+ Qf7 22. Qc5+ Kg8 23. Nd5 d6 24. Qxc6 Bb7 25. Qc3 1-0

[Event "CYCC U14"]
[Site "Victoria CAN"]
[Date "2005.03.25"]
[Round "3.4"]
[White "McDonald, Justin"]
[Black "Gaciu, Vlad"]
[Result "1/2-1/2"]
[WhiteElo "1924"]
[BlackElo "1611"]
[PlyCount "37"]
[GameId "2160767910969251"]
[EventDate "2005.03.24"]
[EventType "swiss"]
[EventRounds "7"]
[EventCountry "CAN"]

1. e4 d6 2. d4 Nf6 3. Nc3 g6 4. Bc4 Bg7 5. Nf3 c5 6. dxc5 Qa5 7. O-O Qxc5 8. Qd3 O-O 9. Be3 Qc7 10. Nb5 Qc6 11. Nfd4 Qd7 12. f4 a6 13. Nc3 b5 14. Bb3 Bb7 15. f5 Nc6 16. Nxc6 Bxc6 17. fxg6 hxg6 18. Rab1 b4 19. Nd5 1/2-1/2

[Event "CYCC U14"]
[Site "Victoria CAN"]
[Date "2005.03.25"]
[Round "3.5"]
[White "Raymer, Evan"]
[Black "Ang, Alan"]
[Result "1/2-1/2"]
[WhiteElo "1617"]
[BlackElo "1878"]
[PlyCount "62"]
[GameId "2160767910969252"]
[EventDate "2005.03.24"]
[EventType "swiss"]
[EventRounds "7"]
[EventCountry "CAN"]

1. e4 e6 2. d4 d5 3. Nd2 c5 4. exd5 Qxd5 5. Ngf3 cxd4 6. Bc4 Qd8 7. O-O Nc6 8. Nb3 Nf6 9. Nbxd4 Nxd4 10. Qxd4 Qxd4 11. Nxd4 Bd7 12. Bf4 a6 13. Rfe1 Be7 14. Rad1 Rc8 15. Bb3 O-O 16. c3 Rfe8 17. Be5 Rc5 18. Kf1 Kf8 19. Nf3 Bc6 20. Bd6 Bxd6 21. Rxd6 Bd5 22. Bxd5 Nxd5 23. Ne5 Rc7 24. Nd7+ Ke7 25. Rxd5 Rxd7 26. Rxd7+ Kxd7 27. Rd1+ Kc6 28. Ke2 f6 29. Ke3 g5 30. Ke4 b6 31. Rd3 h6 1/2-1/2

[Event "CYCC U14"]
[Site "Victoria CAN"]
[Date "2005.03.25"]
[Round "3.7"]
[White "Rouleau, Joel"]
[Black "Brown, Gabriel"]
[Result "1-0"]
[WhiteElo "1369"]
[BlackElo "1789"]
[PlyCount "54"]
[GameId "2160767910969254"]
[EventDate "2005.03.24"]
[EventType "swiss"]
[EventRounds "7"]
[EventCountry "CAN"]

1. e4 c5 2. Nf3 d6 3. Nc3 Nf6 4. Bc4 e6 5. O-O Be7 6. d4 cxd4 7. Nxd4 O-O 8. Bg5 Nxe4 9. Bxe7 Nxc3 10. Bxd8 Nxd1 11. Be7 Nxb2 12. Bb5 a6 13. Bxf8 Kxf8 14. Rab1 axb5 15. Rxb2 Bd7 16. Nxb5 Bxb5 17. Rxb5 Nc6 18. Rxb7 Nd4 19. Rb2 Rc8 20. g4 g5 21. a4 Ra8 22. a5 Ke8 23. a6 f5 24. gxf5 exf5 25. a7 Nc6 26. Rb7 Rxa7 27. Rxa7 Nxa7 1-0

[Event "CYCC U14"]
[Site "Victoria CAN"]
[Date "2005.03.25"]
[Round "3.8"]
[White "Me, Kevin"]
[Black "Wee, Michael"]
[Result "1-0"]
[WhiteElo "1762"]
[BlackElo "1287"]
[PlyCount "81"]
[GameId "2160767910969255"]
[EventDate "2005.03.24"]
[EventType "swiss"]
[EventRounds "7"]
[EventCountry "CAN"]

1. e4 e6 2. d4 d5 3. Nc3 Bb4 4. e5 Bxc3+ 5. bxc3 Nc6 6. Qg4 g6 7. Bg5 f6 8. exf6 Nxf6 9. Qh4 Rf8 10. Nf3 Qe7 11. Bb5 Bd7 12. Bxc6 Bxc6 13. O-O O-O-O 14. Ne5 Bb5 15. Rfe1 Qg7 16. Bh6 Qh8 17. Bxf8 Rxf8 18. Rab1 a6 19. Qh3 Re8 20. f3 Nd7 21. Qg3 Qf8 22. Rb4 c5 23. Rbb1 c4 24. Rb4 Qf5 25. Qf2 Nf6 26. a4 Bd7 27. Reb1 b5 28. axb5 Bxb5 29. R4b2 Rf8 30. Qe3 h5 31. Ra1 Kb7 32. Qc1 Kc7 33. Rxb5 axb5 34. Qa3 Rb8 35. Qc5+ Kd8 36. Nc6+ Kc8 37. Nxb8+ Kxb8 38. Qb6+ Kc8 39. Ra8+ Kd7 40. Qb7+ Kd6 41. Ra6# 1-0

[Event "CYCC U14"]
[Site "Victoria CAN"]
[Date "2005.03.25"]
[Round "3.9"]
[White "King, George"]
[Black "Wang, Shane"]
[Result "0-1"]
[WhiteElo "811"]
[BlackElo "1748"]
[PlyCount "78"]
[GameId "2160767910969256"]
[EventDate "2005.03.24"]
[EventType "swiss"]
[EventRounds "7"]
[EventCountry "CAN"]

1. Nf3 e6 2. d3 b6 3. Bd2 Bb7 4. e3 f5 5. Nc3 Nf6 6. Be2 Bb4 7. a3 Bxc3 8. Bxc3 d6 9. Bxf6 Qxf6 10. d4 Nd7 11. h4 O-O-O 12. Bb5 Kb8 13. Bxd7 Rxd7 14. c3 Rhd8 15. Rc1 f4 16. exf4 Qxf4 17. Qd2 Qxd2+ 18. Nxd2 e5 19. dxe5 dxe5 20. Rg1 Rxd2 21. f3 Rxb2 22. Rd1 Rxd1+ 23. Kxd1 Rb1+ 24. Ke2 Rxg1 25. Kf2 Ra1 26. a4 Rxa4 27. Kg3 Rc4 28. h5 a5 29. h6 g6 30. f4 Rxf4 31. c4 a4 32. c5 a3 33. cxb6 cxb6 34. Kh3 a2 35. g3 Rd4 36. g4 a1=Q 37. Kg3 Qe1+ 38. Kh3 Rd3+ 39. Kh2 Qh1# 0-1

[Event "CYCC U14"]
[Site "Victoria CAN"]
[Date "2005.03.25"]
[Round "3.10"]
[White "Rozybakiyev, Rasul"]
[Black "Lavigne-Theriault, Francis"]
[Result "1-0"]
[WhiteElo "1636"]
[BlackElo "1142"]
[PlyCount "37"]
[GameId "2160767910969257"]
[EventDate "2005.03.24"]
[EventType "swiss"]
[EventRounds "7"]
[EventCountry "CAN"]

1. e4 e5 2. Nf3 d6 3. Bc4 c5 4. c3 Nc6 5. d4 h6 6. dxe5 Nxe5 7. Nxe5 dxe5 8. Qxd8+ Kxd8 9. Bxf7 Nf6 10. f3 b5 11. c4 Ba6 12. cxb5 Bxb5 13. Nc3 Bd6 14. Be3 Ke7 15. Bb3 c4 16. Bd1 Kf7 17. Be2 a6 18. Rd1 Rhd8 19. Nxb5 1-0

[Event "CYCC U14"]
[Site "Victoria CAN"]
[Date "2005.03.25"]
[Round "3.11"]
[White "Higgins, Rehan"]
[Black "Leclair, Jaret"]
[Result "1-0"]
[WhiteElo "1208"]
[BlackElo "912"]
[PlyCount "109"]
[GameId "2160767910969258"]
[EventDate "2005.03.24"]
[EventType "swiss"]
[EventRounds "7"]
[EventCountry "CAN"]

1. Nf3 d6 2. g3 h6 3. Bg2 g5 4. O-O e5 5. d3 Bg4 6. e4 Bxf3 7. Bxf3 Nf6 8. Re1 Bg7 9. c3 c6 10. d4 Nbd7 11. Nd2 b5 12. b3 Qa5 13. Bb2 b4 14. Nc4 Qc7 15. cxb4 c5 16. bxc5 dxc5 17. dxe5 Nh5 18. Bxh5 Nxe5 19. Bxe5 Bxe5 20. Nxe5 Qxe5 21. Qf3 Qe7 22. e5 O-O-O 23. Qc6+ Qc7 24. Qxc7+ Kxc7 25. Bxf7 Rhf8 26. Bc4 Rfe8 27. Re3 a5 28. Rae1 Rd4 29. Rd3 Kc6 30. Rxd4 cxd4 31. e6 Kd6 32. Re4 Kc5 33. Re5+ Kd6 34. Rd5+ Kxe6 35. Rd8+ Ke7 36. Rxe8+ Kxe8 37. Kg2 Ke7 38. Kf3 Kd6 39. Ke4 Kc5 40. a4 Kb4 41. f4 d3 42. Kxd3 Kc5 43. f5 Kd6 44. f6 g4 45. f7 Ke7 46. Kd4 h5 47. Ke5 Kf8 48. Kd6 Kg7 49. Ke7 Kg6 50. f8=Q Kg5 51. Qf4+ Kg6 52. Qf6+ Kh7 53. Qg5 Kh8 54. Kf7 Kh7 55. Qxh5# 1-0